000 01115naa a2200325 c 4500
001 46385
003 ES-MaCES
005 20151007101732.0
008 150911s2015 uk ||||| t||||||| ||eng d
040 _aES-MaCES
_bspa
_cES-MaCES
_dES-MaCES
245 0 0 _aArab Spring and Peripheries
_cGuest Editors: Lorenzo Kamel and Daniela Huber
650 4 _929901
_amovimiento político
650 4 _929389
_arevolución
650 4 _927201
_arégimen político
650 4 _927307
_aconflicto social
650 4 _927244
_aproblema político
650 4 _927175
_ademocracia
650 4 _926973
_apaís árabe
650 4 _926847
_aTúnez
650 4 _926806
_aEgipto
650 4 _931461
_aSiria
650 4 _926826
_aMarruecos
650 4 _926841
_aSahara Occidental
653 1 0 _aCiencias Sociales-Políticas
700 1 _936086
_aKamel, Lorenzo
700 1 _936087
_aHuber, Daniela
773 0 _983353
_dLondon Frank Cass
_o086252
_tMediterranean politics
_w(ES-MaCES)25926
_gvol. 20, no. 2 (July 2015) {55/964 R. 086252} ; 302 p.
902 _aMON Monográfico de revista
942 _2CES
_cAR
_h7.0.
999 _c46385
_d46385